1320 1506 1659 1868 1103 1938 1991 1173 1215 1478 1351 1535 1063 1668 1251 1497 1449 1351 1926 1734 1086 1462 1346 1925 1807 1011 1002 1614 1906 1077 1168 1728 1578 1727 1299 1533 1131 1461 1631 1039 1789 1596 1598 1857 1491 1661 1508 1277 1468 1590 1464 1152 1118 1073 2000 1186 1163 1579 1993 1265 1369 1142 1314 1964 1423 1549 1676 1484 1315 1542 1670 1102 1512 1595 1116 1987 1786 1363 1548 1883 1879 1860 1133 1348 1901 1763 1619 1405 1547 1635 1861 1149 1750 1747 1840 1269 1060 1273 1472 BCNSPRNW ULIB Ver.6.0+V

เปลี่ยนเป็นภาษาไทย

Change to English
 แสดงรายละเอียดบรรณานุกรม
  กลับหน้าหลัก

Brief Record : Get Marc (ISO 2709) : E-mail record : QR code < ปิดหน้าต่าง
LEADER : 00000nam 2200000uu 4500
001    13399115257
003     ULIB
008    120809s2555||||th 000 0 tha d
020    ^a9789746522113
050  4 ^aHD28^bอ858ก
100 0  ^aอุไรวรรณ แย้มแสงสังข์
245 00 ^aการจัดการองค์ความรู้เบื้องต้น/^cอุไรวรรณ แย้มแสงสังข์
246 0  ^aIntroduction to Knowledge Managament :KM Business.
250    ^aพิมพ์คั้งที่1
260    ^aกรุงเทพ:^bไอกรุ๊ปเพรส,^c2555
300    ^a208หน้า:^bภาพประกอบ
650  7 ^aการจัดการ
650  7 องค์ความรู้
945    ^p350^l0^i19173
995    ^a ทศพร
999 ^a ใช้งานได้ทุกระบบ
รายการนี้ยังไม่มีแท็ก
คุณยังไม่ได้ล็อกอิน คุณสามารถมีกิจกรรมร่วมกับเว็บไซต์ได้ แต่ต้องล็อกอินก่อน ::
  ล็อกอิน

รายการสื่อสารสนเทศ

ลำดับที่ ประเภท เลขเรียก/บาร์โค้ด สถานที่ สถานะ
- ไม่พบข้อมูล -

รายการใกล้เคียง
    ผู้แต่ง [อุไรวรรณ แย้มแสงสังข์]

    หัวเรื่อง [การจัดการ]
    หัวเรื่อง [องค์ความรู้]

BibComment


ยังไม่เคยถูกคอมเมนท์

คอมเมนท์ทรัพยากรรายการนี้
  คอมเมนท์: การจัดการองค์ควา..


 Copyright 2026. Bcnsprnw @Library